00411nam a2200109Ia 4500008004100000100002000041245007100061260003600132650001200168650007700180856004400257171212s9999 xx 000 0 und d aKatz, Steven T. cKatz, Steven T.aThe Essential AgusbThe Writings of Jacob B. Agus bNew York University Pressc1997 aHistory aJudaism; Philosophy, Jewish; Agus, Jacob B. (Jacob Bernard), 1911–1986 uhttp://www.jstor.org/stable/j.ctt9qfs0p